000
00284nam a2200109Ia 4500
008
230907s9999||||xx |||||||||||||| ||und||
082
_a
621.381542
_b
ROY
100
_a
Roy, J. N.
_9
115878
245
0
_a
Photovoltaic science and technology /
300
_a
xxix, 412 pages ;
942
_c
BK
999
_c
600032
_d
600032